00438 2200169 4500001002100000005001500021035001900036245005000055100001800105300003900123260003900162082000700201084001300208020002100221990001300242990001300255INLIS00000000000067220220113091456$a 0010-0122000006$a KKPK: Satu hari tanpa bunda /$c Maghfira aulia$a Maghfira aulia$a 88 hlm : $b ilust ; $c 14.5 x 21 cm$a Bandung :$b Muffin graphics,$c 2021$a 813$a 813 MAG k$a 978-602-420-970-4$a 0308/2021$a 0309/2021